Navrhovanie spájkovaných spojov a ich označenie na výkresoch

Bibliographic Details
Main Authors: Ruža, Viliam (Author), Kroupová, Jana (Author)
Format: Article
Language:Slovak
PhysicalDescription:Obr. 1. Tb. 3., lit. 3 záz. v slov., češ., angl.
Subjects:

MARC

LEADER 00000nab a2200000 a 4500
001 vtls000375626
003 SK-MaSNL
005 20260303225507.0
008 140522c1988 xo 0 slo
015 |a SNBRA19rr/mm-uuuuu 
035 |a CL0375748 
040 |a SNKBUCL  |b slo  |c SNKBUCL  |e AACR2 
041 0 |a slo 
044 |a xo  |c SK 
080 |a 621.791.3:658.512.2  |2 1981 
080 |a 658.512.2  |2 1981 
100 1 |a Ruža, Viliam  |4 aut  |9 424051 
245 1 0 |a Navrhovanie spájkovaných spojov a ich označenie na výkresoch  |c Viliam Ruža, Jana Kroupová 
300 |b Obr. 1. Tb. 3., lit. 3 záz. v slov., češ., angl. 
650 0 7 |a spájkované spoje  |2 snkbucl  |9 70911 
655 7 |a články zo zborníkov  |2 snkbucl  |9 166140 
700 1 |a Kroupová, Jana  |4 aut  |9 1262419 
773 0 |t Technologičnosť zváraných konštrukcií. Navrhovanie zvarkov pre mechanizované zváranie a súčasné používané zváracie zariadenia  |d Bratislava : Dom techniky ČSVTS, 1988  |g S. 24-28 
850 |a Slovenská národná knižnica v Martine  |a MTA001 
852 |a SNK  |b KIS3GCP 
958 |a RK 
992 |a RZB 
999 |c 2257313  |d 2259243